Criminal victimisation in seventeen industrialised countries: key findings from the 2000 International Crime Victims Survey
| Authors: | ; ; |
|---|---|
| Format: | Print Book |
| Language: | English |
| Published: |
The Hague
Wetenschappelijk Onderzoek- en Documentatiecentrum [u.a.]
2000
|
| In: |
Onderzoek en beleid (187)
Year: 2000 |
| Availability in Tübingen: | Present in Tübingen. IFK: P I 648 UB: KB 8 E 9120 |
| Check availability: | HBZ Gateway |
| Subito Delivery Service: | Order now. |
| Keywords: | |
| Parallel Edition: | Electronic
|
MARC
| LEADER | 00000cam a2200000 c 4500 | ||
|---|---|---|---|
| 001 | 1160604193 | ||
| 003 | DE-627 | ||
| 005 | 20240829163638.0 | ||
| 007 | tu | ||
| 008 | 010403s2000 ne ||||| 00| ||eng c | ||
| 020 | |a 9074797148 |9 90-74797-14-8 | ||
| 035 | |a (DE-627)1160604193 | ||
| 035 | |a (DE-576)090604199 | ||
| 035 | |a (DE-599)BSZ090604199 | ||
| 035 | |a (OCoLC)247984729 | ||
| 035 | |a (OCoLC)47769902 | ||
| 040 | |a DE-627 |b ger |c DE-627 |e rakwb | ||
| 041 | |a eng | ||
| 044 | |c XA-NL | ||
| 100 | 1 | |a Kesteren, John van |0 (DE-588)1047175568 |0 (DE-627)777765063 |0 (DE-576)400514230 |4 aut | |
| 109 | |a Kesteren, John van |a Kesteren, John N. van |a Kesteren, J. N. |a Van Kesteren, John | ||
| 245 | 1 | 0 | |a Criminal victimisation in seventeen industrialised countries |b key findings from the 2000 International Crime Victims Survey |c John van Kesteren; Pat Mayhew; Paul Nieuwbeerta |
| 264 | 1 | |a The Hague |b Wetenschappelijk Onderzoek- en Documentatiecentrum [u.a.] |c 2000 | |
| 300 | |a 221 S. |b graph. Darst. | ||
| 336 | |a Text |b txt |2 rdacontent | ||
| 337 | |a ohne Hilfsmittel zu benutzen |b n |2 rdamedia | ||
| 338 | |a Band |b nc |2 rdacarrier | ||
| 490 | 1 | |a Onderzoek en beleid / Wetenschappelijk Onderzoek- en Documentatiecentrum |v 187 | |
| 583 | 1 | |a Archivierung prüfen |c 20200919 |f DE-640 |z 2 |2 pdager | |
| 650 | 0 | 7 | |0 (DE-588)4033178-7 |0 (DE-627)10458503X |0 (DE-576)209000511 |a Kriminalität |2 gnd |
| 650 | 0 | 7 | |0 (DE-588)4005227-8 |0 (DE-627)104768029 |0 (DE-576)208859845 |a Umfrage |2 gnd |
| 700 | 1 | |a Mayhew, Patricia |0 (DE-588)1089143729 |0 (DE-627)851013848 |0 (DE-576)459895133 |4 aut | |
| 700 | 1 | |a Nieuwbeerta, Paul |d 1964- |0 (DE-588)172909244 |0 (DE-627)697837149 |0 (DE-576)174429401 |4 aut | |
| 776 | 0 | 8 | |i Erscheint auch als |n Online-Ausgabe |a Kesteren, John van |t Criminal victimisation in seventeen industrialised countries |d The Hague : Wetenschappelijk Onderzoek- en Documentatiecentrum [u.a.], 2000 |h 105 S. |w (DE-627)1658136705 |w (DE-576)446154369 |k Electronic |
| 810 | 2 | |a Wetenschappelijk Onderzoek- en Documentatiecentrum |g Den Haag |t Onderzoek en beleid |v 187 |9 187 |w (DE-627)331744325 |w (DE-576)468389032 |w (DE-600)2052295-2 |x 0923-6414 |7 am | |
| 889 | |w (DE-627)329671685 | ||
| 935 | |i mdedup | ||
| 951 | |a BO | ||
| ELC | |b 1 | ||
| LOK | |0 000 xxxxxcx a22 zn 4500 | ||
| LOK | |0 001 2393334866 | ||
| LOK | |0 003 DE-627 | ||
| LOK | |0 004 1160604193 | ||
| LOK | |0 005 20020522000000 | ||
| LOK | |0 008 010403||||||||||||||||ger||||||| | ||
| LOK | |0 040 |a DE-21 |c DE-627 |d DE-21 | ||
| LOK | |0 852 |a DE-21 | ||
| LOK | |0 852 1 |c KB 8 E 9120 |9 00 | ||
| LOK | |0 935 |a krim | ||
| LOK | |0 936ln |a k6.3.5 | ||
| LOK | |0 939 |a 03-04-01 |b l01 | ||
| LOK | |0 000 xxxxxcx a22 zn 4500 | ||
| LOK | |0 001 2393334874 | ||
| LOK | |0 003 DE-627 | ||
| LOK | |0 004 1160604193 | ||
| LOK | |0 005 20020508000000 | ||
| LOK | |0 008 020422||||||||||||||||ger||||||| | ||
| LOK | |0 040 |a DE-21-110 |c DE-627 |d DE-21-110 | ||
| LOK | |0 852 |a DE-21-110 | ||
| LOK | |0 852 1 |c P I 648 |m p |9 00 | ||
| LOK | |0 935 |a k110 | ||
| LOK | |0 936ln |a 2.4 | ||
| LOK | |0 938 |k p | ||
| LOK | |0 939 |a 22-04-02 |b l01 | ||
| ORI | |a SA-MARC-krimdoka001.raw | ||
| SIG | |a IFK: P I 648 | ||
| SIG | |a UB: KB 8 E 9120 | ||
